000 00752nam a2200253Ia 4500
003 OSt
005 20220923223210.0
006 a|||||r|||| 00| 0
007 ta
008 220922b |||||||| |||| 00| 0 hin d
024 _a211,909
037 _cTextual
040 _aARTS
_cARTS
_bhin
041 _2hin
_ahin
082 _aO152,3N42,MA, M5
100 _aस्वदेश दीपक
245 0 _aमाया पोत
246 _aMāyā pota
260 _aदिल्ली
_b राधाकृष्ण प्रका0
_c1985
300 _a320पृ.
_ccm.
650 _aहिन्दी कहानी
942 _hO152,3N42,MA, M5
_cTEXL
_2CC
999 _c362184
_d362184